| 000 | 00585nam a2200217Ia 4500 | ||
|---|---|---|---|
| 999 |
_c32968 _d32968 |
||
| 003 | 0100 | ||
| 005 | 20170803125134.0 | ||
| 008 | 130303s9999 xx 000 0 und d | ||
| 040 | _cARRUPELIB | ||
| 050 | _aB875.E63P7 1971 | ||
| 100 |
_aErasmus, Desiderius _922285 |
||
| 245 | _aPraise of Folly and Letter to Martin Dorp 1515 | ||
| 245 | _bErasmus of Rotterdam | ||
| 260 |
_bPenguin Books _aMiddlesex _c1971 |
||
| 300 | _a265p. | ||
| 300 | _b 19cm. | ||
| 650 |
_aFolly _934588 |
||
| 700 |
_aRadice, Betty tr. _922287 |
||
| 942 |
_2lcc _cMONOGRAPH |
||